Name a country that... #1 - Statistics

General Stats
  • This quiz has been taken 92 times
  • The average score is 7 of 7
Answer Stats
Name a country.. # of correct options Countries % Correct
in Central America 7 Belize/Costa Rica/El Salvador/Guatemala/Panama/Honduras/Nicaragua
99%
that is landlocked in Europe and has a population of at least 5 million 7 Czech Republic/Hungary/Austria/Belarus/Switzerland/Serbia/ Slovakia
99%
that starts with the letter E 8 Eswatini/Ecuador/Ethiopia/Estonia/Eritrea/Equatorial Guinea/El Salvador/ Egypt
99%
with only red and white on their flag 17 Austria/Bahrain/Canada/Denmark/Georgia/Indonesia/Japan/Latvia/Monaco/Peru/Qatar/Poland/Switzerland/ Singapore/Tonga/Tunisia/Turkey
97%
that has won a men's FIFA World Cup 8 Brazil/Germany/Italy/Argentina/France/Uruguay/England/Spain
97%
with only blue and yellow on their flag 4 Kazakhstan/Palau/Sweden/Ukraine
97%
that has more cattle than people 9 Uruguay/Chad/New Zealand/South Sudan/Paraguay/Brazil/Argentina/Ireland/Australia
93%
No matching quizzes found
Score Distribution
Percent of People with Each Score
Percentile by Number Answered
Your Score History
You have not taken this quiz